000 01248cam a2200337 a 4500
001 2562916
003 DLC
005 20170426161019.0
008 951121s1996 nyua j 000 1 spa
010 _a 95050541
020 _a0803719965 (trade)
020 _a9780803719965 (trade)
040 _aDLC
_cDLC
_dDLC
041 1 _aspa
_heng
042 _alcac
050 1 0 _aPZ73
_b.K435 1996
082 0 0 _a[E]
_220
100 1 _aKellogg, Steven.
240 1 0 _aChristmas witch.
_lSpanish
245 1 3 _aLa bruja de Navidad /
_ctexto e ilustraciones de Steven Kellogg ; traducción de Osvaldo Blanco.
250 _a1a. ed. en español.
260 _aNueva York :
_bDial Books for Young Readers/Penguin Ediciones,
_cc1996.
300 _a1 v. (unpaged) :
_bcol. ill. ;
_c32 cm.
520 _aGloria must prove that she has what it takes to become a Christmas Witch by bringing peace to a planet occupied by two feuding factions.
650 1 _aWitches
_xFiction.
650 1 _aChristmas
_xFiction.
650 1 _aSpanish language materials.
700 1 _aBlanco, Osvaldo.
942 _cBK
999 _c17280
_d17280